000 00553 a2200181 4500
999 _c7914
_d7914
010 _aENG-88247
020 _a8131301710
_c695.00
035 _aEN-71780
037 _bDBAD / PUB
082 1 4 _a181.432
100 1 _aDevanand, G. K.
245 1 _aTeaching of yoga/
_cby G.K. Devanand
260 _aNew Delhi
_bAPH Publishing Corporatioon
_c2007
270 _a5, Ansari Road, Darya Ganj
_bNew Delhi
_c110 002
_maphbooks@vsnl.net
300 _aviii, 293 p.
_c21cm (Hb)
500 _aincludes index
942 _adpl
_cEN
_2ddc
_h181.432
_mDEV